000 00845nam a2200265 a 4500
001 BRCA_4796
005 20190320204817.0
008 111010s1950----sp-a######---#000-0#spa-#
041 _aspa
044 _asp
050 4 _aNE2362
_b.F43 1950
245 1 0 _aEl hospital de afuera
_bfundación Tavera-Lerma
_cintroducción y notas de Luis M. Feduchi ; fotografías Juan Pando.
260 _aMadrid
_bAfrodisio Aguado
_c1950
300 _a63 p.
_bil., 63 láminas
_c19 cm.
440 0 _aEl mueble en España
_v5
_912145
500 _aEstado físico: Sobrecubierta deteriorada
500 _aCFG64
546 _aTexto en francés e inglés
650 1 4 _aArte decorativo
_zEspaña
_911945
650 1 4 _aMuebles
_zEspaña
_93568
700 1 _aFeduchi, Luis M.
_911958
700 1 _aPando, Juan
_eFotógrafo
_912146
902 _aGFM
942 _2lcc
_cB
999 _c4493
_d4493